000 00786cam a2200265u 4500
001 14827
003 BD-RjUL
005 20211208235711.0
008 140208r19211911nyub a 000 0 eng d
035 _a(BD-RjUL)14881
040 _aDLC
_cCarP
_dDLC
_dBD-RjUL
_beng
041 1 _aeng
_hger
082 _219
_a937
_bMOH 1921
100 1 _aMommsen, Theodor,
_d1817-1903.
_946168
245 0 4 _aThe history of Rome /
_cTheodor, Mommsen
260 _aNew York :
_bC. Scribner's sons,
_c1921
300 _a449p. :
_bmap. ;
_c21 cm.
651 0 _aRome
_xHistory.
_918768
700 1 _aDickson, William P.
_q(William Purdie),
_d1823-1901,
_etr.
_946169
942 _2ddc
_cBK
999 _c14827
_d14827